| 000 | 01220nam a22003377a 4500 | ||
|---|---|---|---|
| 003 | CHAP | ||
| 005 | 20220329135939.0 | ||
| 008 | 971013s1979 r 00010 d | ||
| 010 | _a44519 | ||
| 011 | _a45491 | ||
| 035 | _a49630 | ||
| 040 | _cCHAP | ||
| 090 | _aTesis | ||
| 100 | 0 | 0 |
_aSalas García, Enrique. _9101304 |
| 245 | _aEstudios de daños por el barrenador del tallo (Diatraea spp) y elotero (Heliothis zea) en 5 variedades de maíz con caracteres de enanismo durante la primavera de 1979 | ||
| 260 |
_a(Monterrey, N.L.) : _bel autor, _c1979 |
||
| 300 |
_a88 h. _b; gráfs. |
||
| 502 | _aTesis (Ing. Agr. Esp. en Parasitología) -- ITESM. División de Ciencias Agropecuarias y Marítimas | ||
| 590 |
_aALEPH _b10 _c20130110 _lUCH01 _h1313 |
||
| 590 |
_aBATCH-UPD _b10 _c20130110 _lUCH01 _h1245 |
||
| 590 |
_aBATCH-UPD _b10 _c20130410 _lUCH01 _h0809 |
||
| 590 |
_aBATCH-UPD _b10 _c20130914 _lUCH01 _h1201 |
||
| 590 |
_aCONVERSION _b10 _c20130109 _lUCH01 _h1324 |
||
| 650 | 1 | 4 |
_aDiatraea saccharalis. _932432 |
| 650 | 1 | 4 |
_aHeliothis (Helicoverpa) zea. _953438 |
| 650 | 1 | 4 |
_aMaíz enano. _971113 |
| 650 | 1 | 4 |
_aMaíz _xPlagas. _971034 |
| 901 | _aBK | ||
| 942 | _cTESIS | ||
| 949 |
_bBC _cTES _d-111888 _eTS1 _i49630 _si |
||
| 999 |
_c44519 _d44519 |
||